| 000 | 00891cam a22002654a 4500 | ||
|---|---|---|---|
| 001 | 1684115 | ||
| 005 | 20180221085718.0 | ||
| 008 | 990413s1999 cau b 001 0 eng | ||
| 010 | _a 99006354 | ||
| 020 | _a0803967241 (alk. paper) | ||
| 020 | _a080396725X (alk. paper) | ||
| 040 |
_aDLC _cDLC _dDLC |
||
| 041 | _aeng | ||
| 042 | _apcc | ||
| 043 | _an-us--- | ||
| 080 | _a371.203 SUS | ||
| 082 | 0 | 0 |
_a371.203 SUS _221 |
| 100 | 1 | _a49 | |
| 101 | _aEDU | ||
| 245 | 1 | 0 |
_aSupervision that improves teaching : _cSusan Sullivan, Jeffrey Glanz. |
| 504 | _aIncludes bibliographical references (p. 177-183) and index. | ||
| 906 |
_a7 _bcbc _corignew _d1 _eocip _f19 _gy-gencatlg |
||
| 942 |
_2ddc _cBK |
||
| 999 |
_c43077 _d43077 |
||